Fußball Top 10 #1 (meiste Spiele mit Messi) - Statistiken

Allgemein
  • Dieses Quiz wurde 473 mal gespielt
  • Das Durchschnittsergebnis liegt bei 7 aus 10
Antwortstatistiken
Platz Spiele mit Messi Mitspieler von Messi % Korrekt
9 281 Luis Suárez
97%
3 489 Andrés Iniesta
92%
5 399 Xavi
91%
2 506 Gerard Piqué
85%
1 602 Sergio Busquets
85%
6 374 Jordi Alba
79%
8 349 Dani Alves
68%
7 353 Víctor Valdés
57%
4 414 Javier Mascherano
46%
10 277 Ivan Rakitic
43%
Keine übereinstimmenden Quizze gefunden
Verteilung der Resultate
Anzahl Personen mit jedem Resultat
Perzentil nach korrekt beantworteten Fragen
Ihre Resultats-Entwicklung
Sie haben dieses Quiz noch nicht gespielt